Применение аксонометрии при анализе графических материалов геологосъемочных и разведочных работ: методические рекомендации

Bibliografiske detaljer
Institution som forfatter: Казахский научно-исследовательский институт минерального сырья
Sprog:russisk
Udgivet: Алма-Ата, Изд-во КазИМС, 1979
Fag:
Format: MixedMaterials Bog
KOHA link:https://koha.lib.tpu.ru/cgi-bin/koha/opac-detail.pl?biblionumber=379167

MARC

LEADER 00000nam0a2200000 4500
001 379167
005 20231102013052.0
035 |a (RuTPU)RU\TPU\retro\36629 
090 |a 379167 
100 |a 20230707d1979 m y0rusy50 ca 
101 0 |a rus 
102 |a KZ 
105 |a a z 001zy 
200 1 |a Применение аксонометрии при анализе графических материалов геологосъемочных и разведочных работ  |e методические рекомендации  |f Казахский научно-исследовательский институт минерального сырья 
210 |a Алма-Ата  |c Изд-во КазИМС  |d 1979 
215 |a 30 с.  |c ил. 
320 |a Библиогр.: с. 26-27 
606 1 |a Геологоразведочное дело  |2 stltpush  |3 (RuTPU)RU\TPU\subj\6125  |9 34083 
610 1 |a геология 
610 1 |a геологосъемочные работы 
610 1 |a аксонометрия 
610 1 |a графические материалы 
610 1 |a геологические исследования 
610 1 |a методические рекомендации 
675 |a 550.8(07)  |v 4 
712 0 2 |a Казахский научно-исследовательский институт минерального сырья  |2 stltpush  |3 (RuTPU)RU\TPU\col\8431  |9 24524 
801 1 |a RU  |b 63413507  |c 20230707 
801 2 |a RU  |b 63413507  |c 20230707  |g RCR 
942 |c BK